• 首页
  • 本馆介绍
  • 公告通知
  • 最新文献
  • 馆藏检索
  • 电子资源
  • 读者导购
  • 参考咨询
  • 我的图书馆
  • 登录
  • 详细信息显示
  • 放入我的书架
  • 预约/预借图书
  • 作者相关作品
  • 分类相关作品
  • 丛书相关作品
  • 出版社相关作品

书目信息

  • 表格格式
  • 工作单格式
  • 卡片格式
题名:
毛泽东同志论教育工作
    
 
作者: 毛泽东 著 ;人民教育出版社 编
分册:  
出版信息: 北京   人民出版社  1958
页数: 202页
开本: 20cm
丛书名:
单 册:
中图分类: A467
科图分类:
主题词: 教育工作-毛泽东著作 , 毛泽东著作-教育工作
电子资源:
ISBN:
000 00751nam0 2200241 45
001 0193035574
005 20070728172607.37
010    @dCNY0.65
100    @a19930820d1958 emky0chiy0121 ea
101 0  @achi
102    @aCN@b110000
105    @af z 000yy
200 10 @a毛泽东同志论教育工作@AMAO ZE DONG TONG ZHI LUN JIAO YU GONG ZUO@f毛泽东著@FMAO ZE DONG ZHU@g人民教育出版社编
210    @a北京@c人民出版社@d1958
215    @a202页@c照片@d20cm
540 1  @a毛泽东 教育@AMAO ZE DONG JIAO YU
606    @a教育工作-毛泽东著作
606    @a毛泽东著作-教育工作
690    @aA467@v4版
701  0 @a毛泽东@AMAO ZE DONG@4著
712 02 @a人民教育出版社@AREN MIN JIAO YU CHU BAN SHE@4编
801  0 @aCN@bTSSF@c20070728
905    @a10447@dA467@e18
    
    毛泽东同志论教育工作/毛泽东著/人民教育出版社编.-北京:人民出版社,1958
    202页:照片;20cm
    
    
    ISBN :CNY0.65
    
●
相关链接 在E读中查询图书 在五车中查询图书 在当当中查询图书 在豆瓣中查询图书


正题名:毛泽东同志论教育工作     索取号:A467/18         预约/预借

序号 登录号 条形码 馆藏地/架位号 状态 备注
1 0421508   204215081   密集书库/ [索取号:A467/18] 在馆    
2 0424189   204241891   密集书库/ [索取号:A467/18] 在馆    
3 0424374   204243746   密集书库/ [索取号:A467/18] 在馆    
4 0448662   204486626   密集书库/ [索取号:A467/18] 在馆    
5 0448663   204486635   密集书库/ [索取号:A467/18] 在馆    
6 0448664   204486644   密集书库/ [索取号:A467/18] 在馆    
7 0448665   204486653   密集书库/ [索取号:A467/18] 在馆    
8 0448666   204486662   密集书库/ [索取号:A467/18] 在馆    
9 0448667   204486671   密集书库/ [索取号:A467/18] 在馆    
10 0464766   204647668   密集书库/ [索取号:A467/18] 在馆    
11 0785581   207855819   密集书库/ [索取号:A467/18] 在馆    
12 0786543   207865434   密集书库/ [索取号:A467/18] 在馆    
唐山师范学院图书馆 欢迎您!
大连网信软件有限公司© 版权所有